Click The States In Order - Statistics

General Stats
  • This quiz has been taken 9 times
  • The average score is 5 of 50
Answers on the Map
Answers color-coded by a green-red scale on the quiz's map according to % correct below.
 
Answer Stats
Answer % Correct
1st
86%
2nd
57%
3rd
43%
50th
43%
48th
29%
49th
29%
6th
29%
13th
14%
14th
14%
15th
14%
16th
14%
17th
14%
25th
14%
26th
14%
28th
14%
36th
14%
44th
14%
45th
14%
46th
14%
47th
14%
4th
14%
5th
14%
7th
14%
10th
0%
11th
0%
12th
0%
18th
0%
19th
0%
20th
0%
21st
0%
22nd
0%
23rd
0%
24th
0%
27th
0%
29th
0%
30th
0%
31st
0%
32nd
0%
33rd
0%
34th
0%
35th
0%
37th
0%
38th
0%
39th
0%
40th
0%
41st
0%
42nd
0%
43rd
0%
8th
0%
9th
0%
No matching quizzes found
Score Distribution
Percent of People with Each Score
Percentile by Number Answered
Your Score History
You have not taken this quiz